Cities that End in F by Clue - Statistics

General Stats
  • This quiz has been taken 30 times
  • The average score is 4 of 10
Answer Stats
Clue City % Correct
The Welsh capital Cardiff
100%
Major German city on the Rhine Dusseldorf
69%
Arizona city not far from the Grand Canyon Flagstaff
66%
Town name in Germany and the USA, bearing the name of a salad (and muppet) Waldorf
41%
Turkish municipality with the same name as a very common preposition Of
34%
One of the quad cities, in Iowa Bettendorf
17%
Large city in Iraq Najaf
14%
Nebraska city situated by the North Platte Scottsbluff
10%
Southern suburb of Paris, whose name means "Jewish town" Villejuif
7%
Alberta town whose name means a vertical section of scarlet rock Redcliff
3%
No matching quizzes found
Score Distribution
Percent of People with Each Score
Percentile by Number Answered
Your Score History
You have not taken this quiz